ERP rendszerek gyakorlati alkalmazása a logisztikai folyamatok támogatásában

Bibliográfiai részletek
Szerző: Krajcsi Dávid
További közreműködők: Domboróczky Dr. Zoltán
Dokumentumtípus: Projektmunka
Kulcsszavak:adatrendszerek
automatizáció - automatizálás
belső vállalati folyamatok
ERP rendszerek
logisztika
Online Access:http://dolgozattar.uni-bge.hu/60214

MARC

LEADER 00000nnm a2200000 i 4500
001 dolg60214
005 20260409150139.0
008 260409suuuu hu o 000 hun d
040 |a BGE Dolgozattár Repozitórium  |b hun 
041 |a hu 
100 1 |a Krajcsi Dávid 
245 1 0 |a ERP rendszerek gyakorlati alkalmazása a logisztikai folyamatok támogatásában  |c Krajcsi Dávid  |h [elektronikus dokumentum] 
516 |a Project_work 
520 3 |a Célom, hogy bemutassam, miként segítik ezek a rendszerek a logisztikai folyamatok irányítását, milyen előnyeik és hátrányaik vannak, és melyik rendszer lehet alkalmasabb különböző típusú vállalatok számára. A dolgozat során először a logisztikai rendszerek általános jellemzőit és fontosságát mutatom be, majd részletesen elemzem az ERP rendszerek szerepét a logisztikai folyamatokban. Az SAP és az Oracle ERP rendszerek bemutatása után összehasonlításra kerülnek a különböző funkcionális és gyakorlati aspektusaik. A témaválasztás azért is releváns, mert az ERP rendszerek hatékony bevezetése és használata kiemelt jelentőségű a logisztikai menedzsment számára, és a digitális transzformáció korában ezek a rendszerek meghatározó szerepet játszanak a vállalatok sikeres működésében. Az SAP és az Oracle ERP összehasonlítása segíthet megérteni, hogy melyik rendszer lehet ideális egy adott vállalat igényeinek megfelelően. A témaválasztás mellett az is fontos szerepet játszott, hogy szakmai gyakorlatomat egy nemzetközi nagyvállalatnál töltöttem, ahol napi szinten dolgoztam az Oracle ERP rendszerrel. Ezen tapasztalat révén első kézből tapasztaltam meg, hogyan támogatja egy ERP rendszer a logisztikai és rendeléskezelési folyamatokat, és milyen kihívásokkal jár ezek kezelése egy multinacionális környezetben. 
695 |a adatrendszerek 
695 |a automatizáció - automatizálás 
695 |a belső vállalati folyamatok 
695 |a ERP rendszerek 
695 |a logisztika 
700 1 |a Domboróczky Dr. Zoltán  |e ths 
856 4 0 |u http://dolgozattar.uni-bge.hu/60214/1/Szakdolgozat%202025.%20Krajcsi%20D%C3%A1vid.pdf  |z Dokumentum-elérés 
856 4 0 |u http://dolgozattar.uni-bge.hu/60214/2/Krajcsi_D%C3%A1vid_KM%20FOSZK%20b%C3%ADr%C3%A1lati%20lap.pdf  |z Dokumentum-elérés